LEADER 00949nam a2200217 u 4500 001 000000001914 003 CaOOAMICUS 005 20070226104351.0 008 941118s1866 it u000 u ita u 035 $a10047501 040 $aPUL(R)$bita 100 1 $aBarbato, Luigi.$0(OLS)http://pul/name/2085 245 10$aChiesa libera in libero Stato :$bquestioni di diritto pubblico ecclesiastico /$cper il sacerdote napolitano Luigi Barbato. 260 $aFirenze :$bBrogi,$c1866. 300 $a300 p. ;$c23 cm 650 4$aDiritto pubblico ecclesiastico.$0(OLS)http://pul/subject/1804 850 $aPUL 852 $aPUL$W1$xDP1 Antico 800$y27$m149 A 22$j2533$nBK-PRI$b $qStampati Antico$B2533$CPULBib$Z2$F2533 $H $81 941 1 $a15 996 $6245$aChiesa libera in libero Stato :$bquestioni di diritto pubblico ecclesiastico$9(OLS)http://pul/title/2867 996 $6260$aFirenze :$bBrogi$9(OLS)http://pul/publisher/49035 LEADER 01061nam a2200229 u 4500 001 000000089253 003 CaOOAMICUS 005 20070226124610.0 008 940516s1955 it u000 u ita u 035 $a11068725 040 $aPUL(R)$bita 100 1 $aGuarnero, Luisa.$0(OLS)http://pul/name/57867 245 10$aIntroduzione alla psicologia scientifica e pedagogica per gli Istituti Magistrali, le Scuole Magistrali e i Magisteri Femminili /$cLuisa Guarnero. 250 $a3. ed. 260 $a[Torino] :$bMarietti,$c1955. 300 $a333 p. ;$c22 cm 650 4$aPsicologia$xManuali, trattati, ecc.$0(OLS)http://pul/subject/6924 850 $aPUL 852 $aPUL$W1$xDP1 Fondo Pastorale$y55$mP11 A 18$j112882$nBK-PRI$b $qFondi$B112882$CPULBib$Z2$F112882 $H $81 941 1 $a1 996 $6245$aIntroduzione alla psicologia scientifica e pedagogica per gli Istituti Magistrali, le Scuole Magistrali e i Magisteri Femminili$9(OLS)http://pul/title/115268 996 $6260$a[Torino] :$bMarietti$9(OLS)http://pul/publisher/48068